Experiencias de restauración ecológica en Colombia: (Registro nro. 9075)

Detalles MARC
000 -CABECERA
Campo de control 01711nam a22002897a 4500
005 - FECHA Y HORA DE LA ULTIMA TRANSACCION
Campo de control 20180803165631.0
008 - ELEMENTOS DE LONGITUD FIJA—INFORMACION GENERAL
Campo de control 080515s2008 ck abd r 000 0 spa d
020 ## - ISBN
ISBN 9789587160888
040 ## - FUENTE DE CATALOGACIÓN
Agencia catalogadora original CO-BoPUJ
Agencia transcriptora CO-BoIAVH
041 0# - IDIOMA
Código de idioma para texto/pista de sonido o título separado Español
044 ## - PAÍS DE PUBLICACIÓN
País de publicación Colombia
082 04 - NUMERO DE CLASIFICACION DECIMAL DEWEY
Número de clasificación 574.5
Número del ítem B27e
245 10 - MENCION DE TITULO
Título Experiencias de restauración ecológica en Colombia:
Parte restante del título entre la sucesión y los disturbios /
Mención de responsabilidad editado por José Ignacio Barrera Cataño, Mauricio Aguilar Garavito y Diana Catalina Rondón Camacho.
260 ## - PUBLICACION, DISTRIBUCION, ETC. (PIE DE IMPRENTA)
Lugar de publicación, distribución, etc. Bogotá:
Nombre del editor, distribuidor, etc. Pontificia Universidad Javeriana, Escuela de Restauración Ecológica
Fecha de publicación, distribución, etc. 2008.
300 ## - DESCRIPCION FISICA
Extensión 272 p.
Otros detalles físicos ilustraciones, diagramas, gráficas, mapas y tablas
Dimensiones 24 cm.
504 ## - NOTA DE BIBLIOGRAFIA, ETC.
Nota de bibliografía Incluye referencias bibliográficas (pag. 272)
505 ## - NOTA DE CONTENIDO
Nota de contenido Conceptos básicos par ala restauración ecológica (pag. 21).<br/>Herramientas para la restauración ecológica (pag. 49).<br/>Experiencias de restauración ecológica en canteras y suelos degradados (pag. 135).<br/>Experiencias de restauración ecológica en cuencas y humedales afectados por uso agropecuario y descargas orgánicas (pag. 169).<br/>El conocimiento tradicional en la restauración de ecosistemas degradados (pag, 249)
650 14 - ASIENTO SECUNDARIO DE MATERIA - TERMINO TEMATICO
Término temático o nombre geográfico como elemento de entrada Restauración ecológica
Subdivisión geográfica Colombia
650 14 - ASIENTO SECUNDARIO DE MATERIA - TERMINO TEMATICO
Término temático o nombre geográfico como elemento de entrada Herramientas de manejo del paisaje
650 24 - ASIENTO SECUNDARIO DE MATERIA - TERMINO TEMATICO
Término temático o nombre geográfico como elemento de entrada Gestión ambiental
Subdivisión geográfica Colombia
700 1# - ASIENTO SECUNDARIO - NOMBRE PERSONAL
Nombre personal Barrera Cataño, José Igancio
Fechas asociadas con el nombre editor
700 1# - ASIENTO SECUNDARIO - NOMBRE PERSONAL
Nombre personal Rondón Camacho, Diana Catalina
Fechas asociadas con el nombre editora
700 1# - ASIENTO SECUNDARIO - NOMBRE PERSONAL
Nombre personal Rivera Rondón, Carlos
Fechas asociadas con el nombre fotografía
710 2# - ASIENTO SECUNDARIO - NOMBRE CORPORATIVO
Nombre corporativo o de jurisdicción como elemento de entrada Pontificia Universidad Javeriana
Unidad subordinada Facultad de Ciencias
-- Departamento de Biología
700 1# - ASIENTO SECUNDARIO - NOMBRE PERSONAL
Nombre personal Aguilar-Garavito, Mauricio
Fechas asociadas con el nombre editor
942 ## - ELEMENTOS ADICIONALES (KOHA)
Sistema de clasificación Dewey Decimal Classification
Tipo de ítem Libro
Existencias
Withdrawn status Lost status Sistema de Clasificación Damaged status No para préstamo Colección Inventariado Ubicación Permanente Ubicación actual Fecha de adquisición Fuente de Valor Valor Total Checkouts Número topográfico Inventario / Código de Barras Date last seen Ejemplar Price effective from Forma de adquisición Tipo de material
    Dewey Decimal Classification     General Inventariado 2017 Bogotá Bogotá 03/03/2015 Instituto 39000.00   LB-574.5 B27e 038815 03/03/2015 Ej. 1 03/03/2015   Libro
    Dewey Decimal Classification     General Inventariado 2017 Sala Fabio Quevedo Sala Fabio Quevedo 03/03/2015 Instituto 39000.00   LB-574.5 B27e 026552 03/03/2015 Ej. 2 03/03/2015   Libro